000 00309nam a22001337a 4500
008 260211b ||||| |||| 00| 0 eng d
020 _a9788858341216
041 _aital
080 _a0.3
100 _a20
101 _aital
245 _aIL Celi 3
_cDaniela Alessandroni, Roberta Rondoni
942 _2lcc
_cBK
999 _c60780
_d60780